000 01025pac a2200325 i 4500
003 EG-GICUC
005 20260121101408.0
008 940712s1995 nyu frb 001 0 eng d
020 _a0582251303
020 _a9780582251304
040 _aDLC
_cDLC
_dDLC
_dEG-GICUC
_beng
_erda
050 0 0 _aPN4736
_b.A47 1995
082 0 0 _a341.48
_221
092 0 4 _221
099 _aLaw 08 1995
245 0 0 _aAlternatives to freedom :
_barguments and opinions /
_cedited by William L. Miller.
264 _aNew York :
_bLongman,
_c1995.
300 _aviii, 237 page ;
_c22 cm.
336 _atext
_btxt
_2rdacontent
337 _aunmediated
_bn
_2rdamedia
338 _avolume
_bnc
_2rdacarrier
504 _aIncludes bibliographical references (p. [228]-230) and index.
650 0 _aFreedom of the press.
650 0 _aPress and politics.
650 0 0 _aCivil rights.
700 1 _aMiller, William Lockley,
_d1943-
856 4 0 _uhttps://fll.law.cu.edu.eg/fulltext/bks/ENGB08-00062.pdf
905 _a10
942 _2ddc
_cBK
_e21
_n0
999 _c47473
_d47473